البيئة و الكائنات الحية: وظيفة الخلايا وظيفة الأحياء LAROUSSE موسوعة / (رقم التسجيلة. 109134)

تفاصيل مارك
000 -LEADER
fixed length control field 00851nam a22002537a 4500
005 - DATE AND TIME OF LATEST TRANSACTION
control field 20251108173643.0
008 - FIXED-LENGTH DATA ELEMENTS--GENERAL INFORMATION
fixed length control field 250721s2006 xx 000 0 ara d
020 ## - INTERNATIONAL STANDARD BOOK NUMBER
International Standard Book Number 9953280762
082 14 - DEWEY DECIMAL CLASSIFICATION NUMBER
Classification number ط/574.872/مان
100 1# - MAIN ENTRY--PERSONAL NAME
Personal name مانيان، جيرالدين
Relator term مؤلف
245 10 - TITLE STATEMENT
Title البيئة و الكائنات الحية: وظيفة الخلايا وظيفة الأحياء LAROUSSE موسوعة /
264 1# - PRODUCTION, PUBLICATION, DISTRIBUTION, MANUFACTURE, AND COPYRIGHT NOTICE
Place of production, publication, distribution, manufacture بيروت :
Name of producer, publisher, distributor, manufacturer عويدات،
Date of production, publication, distribution, manufacture, or copyright notice 2006.
300 ## - PHYSICAL DESCRIPTION
Extent 83ص
490 0# - SERIES STATEMENT
Series statement بيئتنا
650 17 - SUBJECT ADDED ENTRY--TOPICAL TERM
Topical term or geographic name as entry element البيئة
650 17 - SUBJECT ADDED ENTRY--TOPICAL TERM
Topical term or geographic name as entry element الكائنات الحية
650 17 - SUBJECT ADDED ENTRY--TOPICAL TERM
Topical term or geographic name as entry element الخلايا
653 ## - INDEX TERM--UNCONTROLLED
Uncontrolled term ناشئون صغار ( 10-14) سنة
700 1# - ADDED ENTRY--PERSONAL NAME
Personal name قاضي، جورج
Relator term مترجم
700 1# - ADDED ENTRY--PERSONAL NAME
Personal name باجويه، جاكلين
700 1# - ADDED ENTRY--PERSONAL NAME
Personal name بلونديل، لوران
Relator term رسام
942 ## - ADDED ENTRY ELEMENTS (KOHA)
Source of classification or shelving scheme Dewey Decimal Classification
Koha item type كتب
المقتنيات
حالة السحب حالة الفقدان مصدر التصنيف حالة التلف غير قابل للإعارة المكتبة الرئيسية المكتبة الحالية موقع الرف تاريخ التزويد الرقم المتسلسل Total Checkouts رقم الإستدعاء الباركود تاريخ آخر ظهور تاريخ الفاتورة نوع المادة (كوها)
    Dewey Decimal Classification     مكتبة الجويدة مكتبة الجويدة الأطفال 10/04/2019 1703344   ط/574.872/مان PLD00449148 28/07/2025 10/04/2019 كتب
Implemented & Customized by: BBB with SCIT (Smart Chains for Information Technology)

Powered by Koha